<?xml version="1.0" encoding="UTF-8"?>
<record
    xmlns:xsi="http://www.w3.org/2001/XMLSchema-instance"
    xsi:schemaLocation="http://www.loc.gov/MARC21/slim http://www.loc.gov/standards/marcxml/schema/MARC21slim.xsd"
    xmlns="http://www.loc.gov/MARC21/slim">

  <leader>01368nmm a2200181 a 4500</leader>
  <controlfield tag="001">ASINB00AXDJGMM</controlfield>
  <controlfield tag="005">20140924184946.0</controlfield>
  <controlfield tag="008">140924s2009    xxu                 eng d</controlfield>
  <datafield tag="100" ind1="1" ind2=" ">
    <subfield code="a">Talbot, Fiona.</subfield>
  </datafield>
  <datafield tag="245" ind1="1" ind2="0">
    <subfield code="a">How to write effective business english</subfield>
    <subfield code="h">[electronic resource] :</subfield>
    <subfield code="b">the essential toolkit for composing powerful letters, emails and more, for today's business needs :</subfield>
    <subfield code="b">1 /</subfield>
    <subfield code="c">Fiona Talbot.</subfield>
  </datafield>
  <datafield tag="260" ind1=" " ind2=" ">
    <subfield code="a">[S.l.] :</subfield>
    <subfield code="b">Kogan Page,</subfield>
    <subfield code="c">2009.</subfield>
  </datafield>
  <datafield tag="300" ind1=" " ind2=" ">
    <subfield code="a">1 online resource (152 p.)</subfield>
  </datafield>
  <datafield tag="490" ind1="1" ind2=" ">
    <subfield code="a">Better business english.</subfield>
  </datafield>
  <datafield tag="500" ind1=" " ind2=" ">
    <subfield code="a">Kindle eBook.</subfield>
  </datafield>
  <datafield tag="520" ind1=" " ind2=" ">
    <subfield code="a">How to Write Effective Business English gives guidance to both native and non-native English writers on how to create clear messages and understand how English is used internationally in business today. It may mean un-learning things you were taught at school. The book is aimed at those beginning to use English at work and assumes you know it to intermediate level. It uses real life business scenarios to develop your skills and give answers even your boss may not know. You will learn a system to help you quickly and easily write emails, letters, CVs and more - and benefit from checklists for action to take you to the next level in the cycle of success.</subfield>
  </datafield>
  <datafield tag="830" ind1=" " ind2="0">
    <subfield code="a">Better business english.</subfield>
  </datafield>
  <datafield tag="856" ind1="4" ind2="0">
    <subfield code="3">Amazon.com</subfield>
    <subfield code="u">http://www.amazon.com/exec/obidos/ASIN/B00AXDJGMM/chopaconline-20</subfield>
  </datafield>
  <datafield tag="999" ind1=" " ind2=" ">
    <subfield code="c">10334</subfield>
    <subfield code="d">10334</subfield>
  </datafield>
  <datafield tag="952" ind1=" " ind2=" ">
    <subfield code="0">0</subfield>
    <subfield code="1">0</subfield>
    <subfield code="4">0</subfield>
    <subfield code="7">0</subfield>
    <subfield code="a">SLELC</subfield>
    <subfield code="b">SLELC</subfield>
    <subfield code="d">2014-09-24</subfield>
    <subfield code="l">0</subfield>
    <subfield code="o">TAL</subfield>
    <subfield code="p">D929</subfield>
    <subfield code="r">2014-09-24 00:00:00</subfield>
    <subfield code="y">BK</subfield>
  </datafield>
</record>
